000 00711nam a2200193Ia 4500
003 LDD
008 190117s9999 xx 000 0 und d
020 _c₹100
040 _cLDD
041 _ahi
082 _a8H3.7 या4668खा
100 _aयादव, राजेन्द्र
245 0 _aकाँटे की बात-5 खामोश चिंतन चालू आहे
_cराजेन्द्र यादव
260 _aनई दिल्ली
_bवाणी प्रकाशन
_c1998
300 _a12 भाग, 204प्र
901 _aVANI
904 _aReqst by : Parakh, Jawarimal (Dr.)
942 _2ddc
_cH
999 _c167764
_d167764